Deutsche Songs nach ersten Zeilen - 1970er - Statistiken

Allgemein
  • Dieses Quiz wurde 264 mal gespielt
  • Das Durchschnittsergebnis liegt bei 6 aus 20
Antwortstatistiken
Textquiz Song % Korrekt
Manchmal geh ich meine Straße ohne Blick / Manchmal wünsch ich mir mein Schaukelpferd zurück Über sieben Brücken musst du gehen
67%
Hu Ha Hu Ha (6x) / Sie ritten um die Wette mit dem Steppenwind: Tausend Mann Dschinghis Khan
66%
Sommerabend über blühendem Land / Schon seit Mittag stand ich am Straßenrand Ein Bett im Kornfeld
64%
Sie treffen sich täglich um viertel nach drei / Am Stammtisch im Eck in der Konditorei Aber bitte mit Sahne
62%
Hoch stand der Sanddorn / Am Strand von Hiddensee / Micha, mein Micha / Und alles tat so weh Du hast den Farbfilm vergessen
60%
Aha, Aha / Du bist so heiß wie ein Vulkan. / Aha, Aha / Und heut verbrenn ich mich daran. Tanze Samba mit mir
47%
Das Beste am ganzen Tag / das sind die Pausen / Das ist schon immer in der Schule so Schön ist es auf der Welt zu sein
43%
Wir lagen träumend im Gras / Die Köpfe voll verrückter Ideen / Da sagte er nur zum Spaß / Komm lass uns auf die Reise gehen Am Tag, als Conny Kramer starb
40%
Es war ein schöner Tag / Der letzte im August / Die Sonne brannte so / Als hätte sie′s gewusst Und es war Sommer
31%
Da war ein Traum / Der so alt ist wie die Welt / Und wer ihn träumt / Hört ihm zu wenn er erzählt Der Junge mit der Mundharmonika
19%
Sag Vati, warum kann ich denn nicht öfter bei dir sein? / Warum geht es nur zweimal im Monat? / Sind wir zusammen, bringt mir das doch sehr viel Freude ein Und dabei liebe ich euch beide
19%
Dunkel war die Nacht ein Vogel sang / Und ich ging allein am Fluß entlang / Da sah ich Dich dort am Ufer stehn / Und Du gingst mit mir es war so schön Michaela
16%
Wenn Du Dir sagst / Alles ist vorbei / Wenn Du nicht glaubst / Sie ist immer treu Tränen lügen nicht
16%
Ich weiß noch, als ich 18 war, / Da kam sie hier vorbei, / Schmale Schultern, dunkles Haar / Und Augen voller Scheu. Rocky
13%
Dein Koffer wartet schon im Flur / Du Iässt mich allein / Wir seh′n uns an und fühlen nur / Es muss wohl so sein Ich liebe das Leben
10%
Viele Menschen fragen / Was ist schuld daran / Warum kommt das Glück / nicht zu mir? Wunder gibt es immer wieder
10%
Einmal wissen, dieses bleibt für immer / Ist nicht Rausch, der schon die Nacht verklagt Am Fenster
8%
Heute hau′n wir auf die Pauke / Ja wir machen durch bis morgen früh / So ein Tag so schön wie heute / Ist für uns die beste Medizin Komm gib mir deine Hand
6%
Schau auf dein Leben / Was hat es gegeben / Jahre, die dreh′n sich nur im Kreis / Du möchtest dich ändern / Doch niemand zerbricht das Eis (oooh) Ein Lied kann eine Brücke sein
4%
Radios laufen, Platten laufen / Filme laufen, TV's laufen / Autos kaufen, Häuser kaufen / Möbel kaufen, Reisen kaufen / Wofür? Macht kaputt, was euch kaputt macht
4%
Keine übereinstimmenden Quizze gefunden
Verteilung der Resultate
Anzahl Personen mit jedem Resultat
Perzentil nach korrekt beantworteten Fragen
Ihre Resultats-Entwicklung
Sie haben dieses Quiz noch nicht gespielt